Normal view MARC view
  • Qutab, Sayyid,

Entry Personal Name

Number of records used in: 4

001 - CONTROL NUMBER

  • control field: 290

003 - CONTROL NUMBER IDENTIFIER

  • control field: NUST

005 - DATE AND TIME OF LATEST TRANSACTION

  • control field: 20170510153710.0

008 - FIXED-LENGTH DATA ELEMENTS

  • fixed length control field: 170510|| aca||aabn | a|a d

040 ## - CATALOGING SOURCE

  • Original cataloging agency: NUST
  • Transcribing agency: NUST

100 ## - HEADING--PERSONAL NAME

  • Personal name: Qutab, Sayyid,
  • Dates associated with a name: 1906-1966.

670 ## - SOURCE DATA FOUND

  • Source citation: Work cat.: (NUST)213217: Khatab, Sayed. 288, The political thought of Sayyid Qutb (E-Book), 2006.
© 2023 Central Library, National University of Sciences and Technology. All Rights Reserved.